Cardiff City Trivia - Statistics

General Stats
  • This quiz has been taken 59 times
  • The average score is 9 of 15
Answer Stats
Question Answer % Correct
What is Cardiff City’s nickname? The {Bluebirds}
95%
What is the name of Cardiff City’s stadium? Cardiff City Stadium
93%
With which club does Cardiff City contest the South Wales Derby? Swansea City
81%
Who is the current head coach of Cardiff City? Brian Barry-Murphy
79%
Who is Cardiff City’s record signing, arriving from FC Nantes for £15m in 2019, but was killed in a plane crash en route to Wales? Emiliano Sala
74%
From 1910 until 2009, Cardiff City played at which ground? Ninian Park
71%
What is the name of the Cardiff City owner who controversially changed the club colour to red in 2012, before reverting back to blue in 2015? Vincent Tan
71%
Who was the most recent captain of Cardiff City? Joe Ralls
64%
Who is the only midfielder to win the Championship (or equivalent) Golden Boot since the restructure of the Football League in 1992, having scored 20 goals for Cardiff City in the 2009/10 season? Peter Whittingham
64%
Which club did Cardiff City beat 1-0 in the 1927 FA Cup Final to claim their only major honour to date? Arsenal
60%
Who is Cardiff City’s record sale, joining FC Internazionale Milano for £10m in 2014? Gary Medel
48%
Which Cardiff City icon is the only player to have scored in both of their Premier League campaigns? Aron Gunnarsson
31%
Which Welshman is Cardiff City’s record goalscorer with 179? Len Davies
17%
Which club did Cardiff City face in the Semi-Finals of the 1967/68 European Cup Winners’ Cup in their best European campaign to date? Hamburger SV
10%
Which Englishman is Cardiff City’s record appearance-maker with 590? Billy Hardy
5%
No matching quizzes found
Score Distribution
Percent of People with Each Score
Percentile by Number Answered
Your Score History
You have not taken this quiz